[Event "Langley op"]
[Site "Langley"]
[Date "2017.09.02"]
[Round "1.7"]
[White "Doknjas, Neil"]
[Black "Street, Jeffrey"]
[Result "1-0"]
[WhiteElo "1900"]
[BlackElo "1289"]
[PlyCount "47"]
[EventDate "2017.09.02"]
[EventType "swiss"]
[EventRounds "6"]
[EventCountry "CAN"]
[SourceTitle "EXT 2022"]
[Source "ChessBase"]
[SourceDate "2021.10.06"]
[SourceVersion "1"]
[SourceVersionDate "2021.10.06"]
[SourceQuality "1"]

1. e4 e5 2. Nf3 Nc6 3. d4 exd4 4. Nxd4 Bc5 5. Be3 Qf6 6. c3 Nge7 7. Bc4 Ne5 8. Be2 0-0 9. 0-0 c6 10. f4 N5g6 11. Qd2 d6 12. f5 Bxd4 13. cxd4 h6 14. fxg6 Qxg6 15. Bd3 Qe6 16. Nc3 d5 17. exd5 cxd5 18. Rae1 Qb6 19. Kh1 f5 20. Bxh6 gxh6 21. Rxe7 Qxd4 22. Qxh6 Rf7 23. Re8+ Rf8 24. Rxf8# 1-0